Islam and international relations / (Record no. 20412)
[ view plain ]
| 000 -LEADER | |
|---|---|
| fixed length control field | 00905cam a22002771 4500 |
| 001 - CONTROL NUMBER | |
| control field | 10334163 |
| 003 - CONTROL NUMBER IDENTIFIER | |
| control field | BDDh-ASL |
| 005 - DATE AND TIME OF LATEST TRANSACTION | |
| control field | 20231015025903.0 |
| 008 - FIXED-LENGTH DATA ELEMENTS--GENERAL INFORMATION | |
| fixed length control field | 750815s1965 nyub b 000 0 eng |
| 010 ## - LIBRARY OF CONGRESS CONTROL NUMBER | |
| LC control number | 65012192 |
| 035 ## - SYSTEM CONTROL NUMBER | |
| System control number | (OCoLC)1550702 |
| 040 ## - CATALOGING SOURCE | |
| Original cataloging agency | DLC |
| Transcribing agency | F |
| Modifying agency | OCoLC |
| -- | DLC |
| -- | BDDh-ASL |
| 042 ## - AUTHENTICATION CODE | |
| Authentication code | premarc |
| 050 00 - LIBRARY OF CONGRESS CALL NUMBER | |
| Classification number | BP173.5 |
| Item number | .P7 |
| 082 ## - DEWEY DECIMAL CLASSIFICATION NUMBER | |
| Classification number | 297.09 |
| Item number | PRI |
| 100 1# - MAIN ENTRY--PERSONAL NAME | |
| Personal name | Proctor, J. Harris |
| Fuller form of name | (Jesse Harris), |
| Relator term | ed. |
| 245 10 - TITLE STATEMENT | |
| Title | Islam and international relations / |
| Statement of responsibility, etc. | edited by J. Harris Proctor. |
| 260 ## - PUBLICATION, DISTRIBUTION, ETC. | |
| Place of publication, distribution, etc. | New York: |
| Name of publisher, distributor, etc. | Praeger |
| Date of publication, distribution, etc. | [1965] |
| 300 ## - PHYSICAL DESCRIPTION | |
| Extent | viii, 221 p. |
| Other physical details | map. |
| Dimensions | 22 cm. |
| 500 ## - GENERAL NOTE | |
| General note | Papers originally presented at a conference held at Duke University, June 10 to 13, 1963. |
| 504 ## - BIBLIOGRAPHY, ETC. NOTE | |
| Bibliography, etc. note | Includes bibliographical references. |
| 650 #0 - SUBJECT ADDED ENTRY--TOPICAL TERM | |
| Topical term or geographic name entry element | Islam and world politics. |
| 710 2# - ADDED ENTRY--CORPORATE NAME | |
| Corporate name or jurisdiction name as entry element | Duke University. |
| 906 ## - LOCAL DATA ELEMENT F, LDF (RLIN) | |
| a | 7 |
| b | cbc |
| c | oclcrpl |
| d | u |
| e | ncip |
| f | 19 |
| g | y-gencatlg |
| 942 ## - ADDED ENTRY ELEMENTS (KOHA) | |
| Source of classification or shelving scheme | Dewey Decimal Classification |
| Koha item type | Books |
| Withdrawn status | Lost status | Source of classification or shelving scheme | Damaged status | Not for loan | Collection code | Home library | Current library | Shelving location | Date acquired | Source of acquisition | Total Checkouts | Full call number | Barcode | Date last seen | Copy number | Price effective from | Koha item type |
|---|---|---|---|---|---|---|---|---|---|---|---|---|---|---|---|---|---|
| Dewey Decimal Classification | Non-fiction | Asiatic Society Library | Asiatic Society Library | General Stacks | 01/09/2021 | ASB Collection | 297.09 PRI | 103853 | 01/09/2021 | C-1 | 01/09/2021 | Books |